[Event "XVIII Festival Conca della Presolana Magistrale"]
[Site "Bratto - Castione della Presolana ITA"]
[Date "1998.08.??"]
[Round "?"]
[White "Barbero, Gerardo F."]
[Black "Cebalo, Miso"]
[Result "1-0"]
[WhiteElo "2415"]
[BlackElo "2535"]
[PlyCount "47"]
[EventDate "1998.08.22"]

1. e4 c5 2. c3 d5 3. exd5 Qxd5 4. d4 Nf6 5. Nf3 g6 6. Qb3 cxd4 7. Bc4 Qe4+ 8.
Kf1 e6 9. Nbd2 Qf4 10. Nxd4 Qc7 11. N2f3 a6 12. Bg5 Be7 13. Re1 Nc6 14. Nxc6
bxc6 15. Ne5 O-O 16. Qa4 Bd7 17. h4 Rfe8 18. Qd1 Nd5 19. Qf3 f6 20. h5 fxe5 21.
hxg6 hxg6 22. Qh3 Nf6 23. Qh8+ Kf7 24. Rh7+ 1-0

[Event "XVIII Festival Conca della Presolana Magistrale"]
[Site "Bratto - Castione della Presolana ITA"]
[Date "1998.08.??"]
[Round "?"]
[White "Barbero, Gerardo F."]
[Black "Todor, Razvan"]
[Result "1-0"]
[WhiteElo "2415"]
[BlackElo "2205"]
[PlyCount "73"]
[EventDate "1998.08.22"]

1. d4 d5 2. c4 Nc6 3. Nc3 e5 4. cxd5 Nxd4 5. e3 Nf5 6. Nf3 f6 7. Qc2 Nge7 8.
Bd3 g6 9. O-O Nd6 10. e4 Bg7 11. Be3 O-O 12. Rac1 f5 13. Nd2 h6 14. f3 f4 15.
Bf2 Bd7 16. Na4 Bxa4 17. Qxa4 g5 18. Nb3 b6 19. Rc3 Rf7 20. Rfc1 Ng6 21. Nd2 h5
22. Qc2 Ne8 23. Bb5 Nd6 24. Be2 Ne8 25. Rc6 Rf6 26. Bb5 Rc8 27. Rxf6 Bxf6 28.
Qc6 Nf8 29. Qxe8 Qxe8 30. Bxe8 Rxe8 31. Rxc7 Re7 32. Rc8 Kf7 33. Nc4 Rd7 34. a4
Ng6 35. Rc6 Ne7 36. Re6 Ng6 37. Nd6+ 1-0

[Event "XVIII Festival Conca della Presolana Magistrale"]
[Site "Bratto - Castione della Presolana ITA"]
[Date "1998.08.??"]
[Round "?"]
[White "Barbieri, Giovanni"]
[Black "Farina, Saverio"]
[Result "1/2-1/2"]
[WhiteElo "2100"]
[BlackElo "2170"]
[PlyCount "42"]
[EventDate "1998.08.22"]

1. e4 e6 2. d3 d5 3. Nd2 c5 4. g3 Nc6 5. Bg2 Nf6 6. Ngf3 Be7 7. O-O O-O 8. Re1
Qc7 9. c3 b5 10. Nb3 dxe4 11. dxe4 Bb7 12. Qc2 a5 13. Bf4 e5 14. Bg5 c4 15.
Nbd2 a4 16. Nf1 Nd8 17. Bxf6 Bxf6 18. Ne3 Ra6 19. Red1 Ne6 20. Nd5 Bxd5 21.
exd5 Nc5 1/2-1/2

[Event "XVIII Festival Conca della Presolana Magistrale"]
[Site "Bratto - Castione della Presolana ITA"]
[Date "1998.08.??"]
[Round "?"]
[White "Barbieri, Giovanni"]
[Black "Piantoni, Roberto"]
[Result "1-0"]
[WhiteElo "2100"]
[BlackElo "2185"]
[PlyCount "71"]
[EventDate "1998.08.22"]

1. e4 e6 2. d3 d5 3. Nd2 c5 4. g3 g6 5. Bg2 Bg7 6. Nh3 Ne7 7. O-O Nbc6 8. c3
O-O 9. f4 b6 10. Nf2 a5 11. Re1 Ba6 12. Qc2 Ra7 13. Nf3 d4 14. c4 e5 15. Bh3
Bc8 16. a3 Bxh3 17. Nxh3 Qd7 18. Qg2 f6 19. g4 h5 20. gxh5 gxh5 21. f5 Kh7 22.
Kh1 Rg8 23. Nfg5+ fxg5 24. Nxg5+ Kh8 25. Nf7+ Kh7 26. Qg5 Rf8 27. Qxh5+ Kg8 28.
Ng5 Rf6 29. Qh7+ Kf8 30. Ne6+ Rxe6 31. fxe6 Qxe6 32. Rf1+ Bf6 33. Qh8+ Ng8 34.
Bg5 Rf7 35. Bh6+ Bg7 36. Qxg7+ 1-0

[Event "XVIII Festival Conca della Presolana Magistrale"]
[Site "Bratto - Castione della Presolana ITA"]
[Date "1998.08.??"]
[Round "?"]
[White "Battaggia, Piergiorgio"]
[Black "Cetro, Carlo"]
[Result "1/2-1/2"]
[WhiteElo "2070"]
[BlackElo "2190"]
[PlyCount "55"]
[EventDate "1998.08.22"]

1. d4 f5 2. Nf3 Nf6 3. g3 g6 4. Bg2 Bg7 5. O-O O-O 6. c4 d6 7. Nc3 c6 8. b3 Na6
9. Bb2 Qe8 10. d5 Bd7 11. e3 Nc7 12. Nd4 Rb8 13. Qd2 c5 14. Nc2 b5 15. Rab1 Qf7
16. f3 Bh6 17. Qd3 bxc4 18. bxc4 g5 19. e4 f4 20. gxf4 gxf4 21. Kh1 Nh5 22. Ne2
Bg7 23. Bxg7 Qxg7 24. Rxb8 Rxb8 25. Rg1 Ng3+ 26. Nxg3 fxg3 27. Bf1 Kh8 28. Rxg3
1/2-1/2

[Event "XVIII Festival Conca della Presolana Magistrale"]
[Site "Bratto - Castione della Presolana ITA"]
[Date "1998.08.??"]
[Round "?"]
[White "Battaggia, Piergiorgio"]
[Black "Lantini, Marco"]
[Result "0-1"]
[WhiteElo "2070"]
[BlackElo "2145"]
[PlyCount "64"]
[EventDate "1998.08.22"]

1. d4 Nf6 2. Nf3 e6 3. c4 b6 4. Nc3 Bb4 5. Bg5 Bb7 6. e3 h6 7. Bh4 Bxc3+ 8.
bxc3 d6 9. Bd3 Nbd7 10. O-O g5 11. Bg3 Qe7 12. Nd2 h5 13. f3 h4 14. Bf2 O-O-O
15. a4 a5 16. Nb3 g4 17. e4 Rhg8 18. Be3 gxf3 19. Qxf3 Ng4 20. Bf4 h3 21. g3
Ndf6 22. Qe2 Nh5 23. c5 e5 24. Ba6 exf4 25. Bxb7+ Kxb7 26. Nxa5+ Kc8 27. Qa6+
Kd7 28. Qb5+ Ke6 29. cxb6 Rg5 30. Qc4+ Kf6 31. gxf4 Rxa5 32. bxc7 Qxe4 0-1

[Event "XVIII Festival Conca della Presolana Magistrale"]
[Site "Bratto - Castione della Presolana ITA"]
[Date "1998.08.??"]
[Round "?"]
[White "Battaggia, Piergiorgio"]
[Black "Menoni, Vincenzo"]
[Result "0-1"]
[WhiteElo "2070"]
[BlackElo "2285"]
[PlyCount "68"]
[EventDate "1998.08.22"]

1. d4 Nf6 2. c4 g6 3. Nc3 Bg7 4. e4 d6 5. Be2 O-O 6. Nf3 e5 7. O-O Nc6 8. d5
Ne7 9. Ne1 Nd7 10. Nd3 f5 11. Bd2 Nf6 12. f3 f4 13. c5 g5 14. Rc1 Ng6 15. cxd6
cxd6 16. Nb5 Rf7 17. Qc2 Ne8 18. a4 Bf8 19. h3 h5 20. Nf2 Rg7 21. Nxa7 Bd7 22.
Nb5 Nh4 23. Qb3 Kh8 24. Rc3 g4 25. fxg4 Nf6 26. Nc7 Rc8 27. Ne6 Bxe6 28. dxe6
Rxc3 29. Qxc3 hxg4 30. hxg4 Nh5 31. Rc1 Ng3 32. Bb5 Ng6 33. Qc8 Qb6 34. Qd7
Nxe4 0-1

[Event "XVIII Festival Conca della Presolana Magistrale"]
[Site "Bratto - Castione della Presolana ITA"]
[Date "1998.08.??"]
[Round "?"]
[White "Battaggia, Piergiorgio"]
[Black "Piva, Giorgio"]
[Result "1-0"]
[WhiteElo "2070"]
[BlackElo "2165"]
[PlyCount "59"]
[EventDate "1998.08.22"]

1. d4 d5 2. c4 dxc4 3. e3 Nf6 4. Bxc4 e6 5. Nf3 c5 6. O-O a6 7. Bd3 Nbd7 8. Nc3
b6 9. Qe2 Bb7 10. Rd1 Qb8 11. b3 Bd6 12. h3 O-O 13. Bb2 Rd8 14. Rac1 Qa7 15.
Ng5 Be7 16. Nge4 cxd4 17. exd4 Rac8 18. Qe3 b5 19. Bb1 Qa8 20. f3 Qa7 21. Qf2
Ba8 22. Kh1 Rc7 23. Qg3 Qb6 24. d5 exd5 25. Nxd5 Rxc1 26. Nxe7+ Kf8 27. Rxc1
Kxe7 28. Nxf6 Nxf6 29. Qxg7 Rd6 30. Re1+ 1-0

[Event "XVIII Festival Conca della Presolana Magistrale"]
[Site "Bratto - Castione della Presolana ITA"]
[Date "1998.08.??"]
[Round "?"]
[White "Belakovskaia, Anjelina"]
[Black "Alberton, Roberto"]
[Result "1-0"]
[WhiteElo "2380"]
[BlackElo "2140"]
[PlyCount "43"]
[EventDate "1998.08.22"]

1. d4 Nf6 2. c4 e6 3. Nf3 b6 4. g3 Ba6 5. b3 Bb4+ 6. Bd2 Be7 7. Bg2 d5 8. Bc3
Ne4 9. Ne5 Nxc3 10. Nxc3 c6 11. e4 dxc4 12. Nxc4 O-O 13. e5 Qc7 14. O-O Nd7 15.
f4 Rfd8 16. Qf3 Rac8 17. Rfd1 Bb7 18. Qg4 b5 19. Ne3 b4 20. Ne4 c5 21. d5 exd5
22. Nf5 1-0

[Event "XVIII Festival Conca della Presolana Magistrale"]
[Site "Bratto - Castione della Presolana ITA"]
[Date "1998.08.??"]
[Round "?"]
[White "Belakovskaia, Anjelina"]
[Black "Everet, Alexandro"]
[Result "1/2-1/2"]
[WhiteElo "2380"]
[BlackElo "2260"]
[PlyCount "37"]
[EventDate "1998.08.22"]

1. d4 g6 2. e4 Bg7 3. Nc3 d6 4. Be3 Nf6 5. f3 O-O 6. Qd2 Re8 7. O-O-O c6 8. Bh6
Bh8 9. h4 Qa5 10. g4 b5 11. Kb1 Be6 12. d5 cxd5 13. Nxd5 Qxd2 14. Rxd2 Bxd5 15.
exd5 a6 16. Ne2 Nbd7 17. Nf4 Nb6 18. h5 Rab8 19. Bh3 1/2-1/2

[Event "XVIII Festival Conca della Presolana Magistrale"]
[Site "Bratto - Castione della Presolana ITA"]
[Date "1998.08.??"]
[Round "?"]
[White "Belakovskaia, Anjelina"]
[Black "Profumo, Alberto"]
[Result "1/2-1/2"]
[WhiteElo "2380"]
[BlackElo "2240"]
[PlyCount "80"]
[EventDate "1998.08.22"]

1. d4 Nf6 2. c4 g6 3. Nc3 Bg7 4. e4 d6 5. f3 O-O 6. Be3 e5 7. Nge2 c6 8. Qd2 a6
9. dxe5 dxe5 10. Qxd8 Rxd8 11. Na4 Nfd7 12. Rd1 Re8 13. c5 a5 14. Nc1 Na6 15.
a3 Nc7 16. Nb3 Bf8 17. Bc4 Be7 18. O-O Nf8 19. Nb6 Ra7 20. a4 Be6 21. Rd2 f6
22. Rc1 Kf7 23. Bxe6+ Ncxe6 24. Nc4 Rd8 25. Ncxa5 Rda8 26. Nc4 Ke8 27. a5 Nd7
28. Nb6 Nxb6 29. cxb6 Ra6 30. Rcd1 Nf8 31. Bc5 Bxc5+ 32. Nxc5 Rxa5 33. Nxb7 Ra1
34. Nc5 Rxd1+ 35. Rxd1 Ra5 36. b7 Rb5 37. Rd2 Ke7 38. Rc2 Nd7 39. Nxd7 Kxd7 40.
Kf1 Rxb7 1/2-1/2

[Event "XVIII Festival Conca della Presolana Magistrale"]
[Site "Bratto - Castione della Presolana ITA"]
[Date "1998.08.??"]
[Round "?"]
[White "Bellia, Fabrizio"]
[Black "Bossi, Alessandro"]
[Result "1-0"]
[WhiteElo "2330"]
[BlackElo "2110"]
[PlyCount "93"]
[EventDate "1998.08.22"]

1. e4 e5 2. Nf3 Nc6 3. Bc4 Bc5 4. d3 d6 5. Bg5 Nf6 6. Nc3 Na5 7. Bb3 Nxb3 8.
axb3 a6 9. Nd5 c6 10. Bxf6 gxf6 11. Ne3 Rg8 12. g3 d5 13. exd5 Bxe3 14. fxe3
Qxd5 15. e4 Qc5 16. Nh4 Bg4 17. Qd2 O-O-O 18. Ra4 h5 19. Qf2 Qxf2+ 20. Kxf2 Rd6
21. Kg2 Kd8 22. Rf1 Ke7 23. Rf2 Rg5 24. Ra1 Bd7 25. Raf1 Bg4 26. Nf5+ Bxf5 27.
Rxf5 h4 28. Rxg5 fxg5 29. Rf5 hxg3 30. Rxe5+ Kf6 31. Rf5+ Kg6 32. Kxg3 Rd7 33.
h4 gxh4+ 34. Kxh4 f6 35. Rh5 Rd8 36. Kg4 Rg8 37. b4 b6 38. Rh1 Kf7+ 39. Kf3 Ke6
40. Ra1 Ra8 41. Kf4 Ra7 42. c4 a5 43. d4 a4 44. d5+ cxd5 45. cxd5+ Kf7 46. Kf5
b5 47. Rc1 1-0

[Event "XVIII Festival Conca della Presolana Magistrale"]
[Site "Bratto - Castione della Presolana ITA"]
[Date "1998.08.??"]
[Round "?"]
[White "Bellia, Fabrizio"]
[Black "Godena, Michele"]
[Result "1/2-1/2"]
[WhiteElo "2330"]
[BlackElo "2510"]
[PlyCount "61"]
[EventDate "1998.08.22"]

1. e4 c5 2. Nf3 Nc6 3. d4 cxd4 4. Nxd4 e5 5. Nb5 d6 6. c4 Be7 7. N1c3 a6 8. Na3
Be6 9. Be2 Rc8 10. O-O h6 11. Be3 Bg5 12. Qd2 Bxe3 13. Qxe3 Nd4 14. Rac1 Nf6
15. h3 O-O 16. Nd5 Bxd5 17. cxd5 Qa5 18. Bd3 b5 19. f4 Qb4 20. fxe5 dxe5 21.
Rxc8 Rxc8 22. Rc1 Rxc1+ 23. Qxc1 g6 24. Qc3 Qe7 25. Nc2 Nxc2 26. Qxc2 Qa7+ 27.
Qf2 Qxf2+ 28. Kxf2 Ne8 29. a4 Nd6 30. axb5 axb5 31. g4 1/2-1/2

[Event "XVIII Festival Conca della Presolana Magistrale"]
[Site "Bratto - Castione della Presolana ITA"]
[Date "1998.08.??"]
[Round "?"]
[White "Bellia, Fabrizio"]
[Black "Gurevich, Dmitry B."]
[Result "0-1"]
[WhiteElo "2330"]
[BlackElo "2505"]
[PlyCount "110"]
[EventDate "1998.08.22"]

1. e4 c5 2. Nf3 Nc6 3. Bb5 e6 4. O-O Nge7 5. Re1 a6 6. Bf1 d5 7. exd5 Nxd5 8.
d4 Nf6 9. c3 cxd4 10. cxd4 Be7 11. Nc3 O-O 12. g3 b5 13. Bg2 Bb7 14. Ne5 Rc8
15. Be3 b4 16. Na4 Na5 17. Bxb7 Nxb7 18. Rc1 Nd5 19. Rxc8 Qxc8 20. Qd3 Nxe3 21.
Qxe3 Qc2 22. Nb6 Qc7 23. Ned7 Rd8 24. Rc1 Qd6 25. Qe5 f6 26. Qxd6 Bxd6 27. Rc6
Kf7 28. Kf1 Ke8 29. Nc5 Na5 30. Rc8 Rxc8 31. Nxc8 Bxc5 32. dxc5 Kd7 33. Nd6 b3
34. axb3 Nxb3 35. Nb7 Kc7 36. Nd6 Nxc5 37. Ne8+ Kd7 38. Nxg7 Nd3 39. Nh5 Ke7
40. b3 a5 41. Ke2 Nc1+ 42. Kd2 Nxb3+ 43. Kc3 Nc5 44. f3 Nd7 45. h3 Kf7 46. g4
Ne5 47. f4 Nf3 48. Ng3 Ng1 49. h4 Nh3 50. f5 Nf2 51. fxe6+ Kxe6 52. g5 f5 53.
Nh5 Ke5 54. Kc4 Ne4 55. Ng7 f4 0-1

[Event "XVIII Festival Conca della Presolana Magistrale"]
[Site "Bratto - Castione della Presolana ITA"]
[Date "1998.08.??"]
[Round "?"]
[White "Belotti, Bruno"]
[Black "Barbero, Gerardo F."]
[Result "0-1"]
[WhiteElo "2430"]
[BlackElo "2415"]
[PlyCount "74"]
[EventDate "1998.08.22"]

1. e4 c5 2. Nf3 Nc6 3. Nc3 g6 4. Bc4 Bg7 5. O-O d6 6. Ne2 Nf6 7. d3 O-O 8. Bg5
Bg4 9. Nd2 b5 10. Bb3 Rb8 11. h3 Bd7 12. c3 b4 13. d4 bxc3 14. bxc3 cxd4 15.
cxd4 Na5 16. e5 Ne8 17. Bf4 Bb5 18. Re1 Rc8 19. Nf3 Nxb3 20. Qxb3 Bc4 21. Qa3
Bd5 22. Rac1 Rxc1 23. Rxc1 Qb6 24. Nd2 Qb7 25. Rb1 Qa8 26. f3 dxe5 27. Bxe5 Nd6
28. Nc3 Nf5 29. Qc5 e6 30. Nxd5 exd5 31. Rb5 Bh6 32. Nf1 f6 33. Bh2 Rc8 34. Qb4
Bf8 35. Qb2 Qc6 36. a4 Qc4 37. Rb7 Nxd4 0-1

[Event "XVIII Festival Conca della Presolana Magistrale"]
[Site "Bratto - Castione della Presolana ITA"]
[Date "1998.08.??"]
[Round "?"]
[White "Belotti, Bruno"]
[Black "Manca, Federico"]
[Result "1/2-1/2"]
[WhiteElo "2430"]
[BlackElo "2380"]
[PlyCount "23"]
[EventDate "1998.08.22"]

1. c4 Nf6 2. Nc3 g6 3. g3 Bg7 4. Bg2 c5 5. e3 Nc6 6. Nge2 d6 7. O-O O-O 8. d4
Bd7 9. b3 a6 10. Bb2 Rb8 11. dxc5 dxc5 12. Na4 1/2-1/2

[Event "XVIII Festival Conca della Presolana Magistrale"]
[Site "Bratto - Castione della Presolana ITA"]
[Date "1998.08.??"]
[Round "?"]
[White "Belotti, Bruno"]
[Black "Marchini, Massimo"]
[Result "1-0"]
[WhiteElo "2430"]
[BlackElo "2195"]
[PlyCount "101"]
[EventDate "1998.08.22"]

1. e4 c5 2. Nf3 Nc6 3. d4 cxd4 4. Nxd4 Qb6 5. Nb3 Nf6 6. Nc3 e6 7. Bd3 d6 8.
Be3 Qc7 9. f4 a6 10. g4 b5 11. g5 Nd7 12. Qh5 g6 13. Qh3 b4 14. Ne2 Bg7 15.
O-O-O O-O 16. Kb1 Nb6 17. Qh4 f6 18. Bxb6 Qxb6 19. gxf6 Bxf6 20. Qg3 a5 21. Nd2
a4 22. Nc4 Qc5 23. Qe3 Qxe3 24. Nxe3 Rb8 25. Bc4 Na5 26. Rxd6 Nxc4 27. Nxc4 Be7
28. Rd4 Bc5 29. Rdd1 b3 30. Ne5 bxc2+ 31. Kxc2 a3 32. b3 Bb7 33. Nc3 Rbc8 34.
Rhf1 Bb4 35. Nc4 Bxc3 36. Kxc3 Bxe4 37. Kb4 Bd5 38. Rc1 Ra8 39. Rf2 Rfb8+ 40.
Kc5 Rd8 41. Rd2 Bxc4 42. Rxd8+ Rxd8 43. Rxc4 Rd2 44. b4 Rxa2 45. b5 Rxh2 46. b6
Rb2 47. Kc6 a2 48. Ra4 Rc2+ 49. Kd7 Kf7 50. b7 Rb2 51. Kc7 1-0

[Event "XVIII Festival Conca della Presolana Magistrale"]
[Site "Bratto - Castione della Presolana ITA"]
[Date "1998.08.??"]
[Round "?"]
[White "Belotti, Bruno"]
[Black "Pantaleoni, Claudio"]
[Result "1/2-1/2"]
[WhiteElo "2430"]
[BlackElo "2220"]
[PlyCount "127"]
[EventDate "1998.08.22"]

1. Nf3 Nf6 2. g3 c5 3. Bg2 Nc6 4. O-O e5 5. d3 d5 6. e4 Be7 7. Nc3 d4 8. Ne2
Nd7 9. c4 dxc3 10. bxc3 O-O 11. Be3 Nf6 12. Qc2 Bg4 13. h3 Bxf3 14. Bxf3 Qd7
15. Bg2 Rfd8 16. Rad1 Rac8 17. Qb1 Qc7 18. f4 Qb6 19. Qxb6 axb6 20. d4 cxd4 21.
cxd4 exd4 22. Nxd4 Nxd4 23. Rxd4 Rxd4 24. Bxd4 Rc2 25. e5 Nh5 26. Rf2 Rc4 27.
Bxb6 Nxg3 28. Rb2 Nh5 29. f5 Nf4 30. Bxb7 Rc1+ 31. Kh2 Nd3 32. Rb5 Nxe5 33. Kg2
Rc2+ 34. Kf1 Nc4 35. a4 Nxb6 36. Rxb6 Bc5 37. Rc6 Rf2+ 38. Ke1 Rxf5 39. a5 Bb4+
40. Ke2 Rxa5 41. Rc7 Bf8 42. Rd7 Re5+ 43. Kf3 Re7 44. Rxe7 Bxe7 45. Bc8 g6 46.
Bd7 Kg7 47. Kg4 h5+ 48. Kf3 Kh6 49. Be8 Kg7 50. Bd7 Kf6 51. Ke4 Bb4 52. Kf3 Be1
53. Ke2 Bh4 54. Kf3 Kg5 55. Be8 f6 56. Bd7 Be1 57. Be8 f5 58. Kg2 Kh6 59. Bd7
Kg7 60. Be8 Kf6 61. Kf3 h4 62. Kg2 g5 63. Bh5 g4 64. Bxg4 1/2-1/2

[Event "XVIII Festival Conca della Presolana Magistrale"]
[Site "Bratto - Castione della Presolana ITA"]
[Date "1998.08.??"]
[Round "?"]
[White "Belotti, Bruno"]
[Black "Profumo, Alberto"]
[Result "1-0"]
[WhiteElo "2430"]
[BlackElo "2240"]
[PlyCount "41"]
[EventDate "1998.08.22"]

1. e4 c6 2. d3 d5 3. Nd2 e5 4. Ngf3 Bd6 5. d4 exd4 6. exd5 Ne7 7. dxc6 Nbxc6 8.
Nb3 Bg4 9. Be2 Bb4+ 10. Bd2 d3 11. Bxd3 Bxf3 12. Qxf3 Bxd2+ 13. Nxd2 O-O 14.
O-O-O Qa5 15. Kb1 Nb4 16. Bc4 Rac8 17. Bb3 Rc5 18. Nc4 Qc7 19. Nd6 Ng6 20. Qxb7
Rxc2 21. Qxb4 1-0

[Event "XVIII Festival Conca della Presolana Magistrale"]
[Site "Bratto - Castione della Presolana ITA"]
[Date "1998.08.??"]
[Round "?"]
[White "Boldini, David"]
[Black "Lantini, Marco"]
[Result "0-1"]
[WhiteElo "1959"]
[BlackElo "2145"]
[PlyCount "79"]
[EventDate "1998.08.22"]

1. Nf3 Nf6 2. c4 e6 3. d4 b6 4. g3 Ba6 5. b3 Bb4+ 6. Bd2 Be7 7. Bg2 c6 8. Nc3
d5 9. Ne5 Nfd7 10. Nxd7 Qxd7 11. cxd5 cxd5 12. e3 O-O 13. Bf1 Bxf1 14. Kxf1 Rc8
15. a3 e5 16. Kg2 exd4 17. exd4 Bf6 18. Ne2 Nc6 19. Be3 Qf5 20. Nc3 Na5 21. Rc1
Rc6 22. b4 Nc4 23. Qf3 Qxf3+ 24. Kxf3 Rd8 25. b5 Rcc8 26. a4 Be7 27. Nb1 Bb4
28. Rhd1 Nb2 29. Rxc8 Rxc8 30. Rc1 Rxc1 31. Bxc1 Nxa4 32. Ke2 Nc3+ 33. Nxc3
Bxc3 34. Kd3 Bb4 35. Bf4 Be7 36. Bb8 Bd8 37. f4 Kf8 38. f5 Ke8 39. Be5 Bf6 40.
Bb8 0-1

[Event "XVIII Festival Conca della Presolana Magistrale"]
[Site "Bratto - Castione della Presolana ITA"]
[Date "1998.08.??"]
[Round "?"]
[White "Boldini, David"]
[Black "Marchini, Massimo"]
[Result "1/2-1/2"]
[WhiteElo "1959"]
[BlackElo "2195"]
[PlyCount "75"]
[EventDate "1998.08.22"]

1. Nf3 Nf6 2. c4 g6 3. Nc3 Bg7 4. g3 d6 5. d4 O-O 6. Bg2 c5 7. O-O Nc6 8. d5
Na5 9. Nd2 a6 10. e4 Rb8 11. a4 Bd7 12. Qe2 e6 13. Rb1 Re8 14. dxe6 Bxe6 15. b4
Nc6 16. b5 Nd4 17. Qd3 Nd7 18. f4 f5 19. Nd5 Nf6 20. Bb2 Bxd5 21. cxd5 Qa5 22.
Bxd4 cxd4 23. Nb3 Qxa4 24. Nxd4 Rbc8 25. Rbc1 Nxe4 26. Ne6 Nc5 27. Nxc5 Rxc5
28. bxa6 bxa6 29. Rf2 Rec8 30. Bf1 R5c7 31. Kg2 Re7 32. Rcc2 Rce8 33. Rfe2 Qa1
34. Rxe7 Rxe7 35. Re2 Rxe2+ 36. Qxe2 Qb2 37. Qxb2 Bxb2 38. Bxa6 1/2-1/2

[Event "XVIII Festival Conca della Presolana Magistrale"]
[Site "Bratto - Castione della Presolana ITA"]
[Date "1998.08.??"]
[Round "?"]
[White "Boldini, David"]
[Black "Piva, Giorgio"]
[Result "0-1"]
[WhiteElo "1959"]
[BlackElo "2165"]
[PlyCount "28"]
[EventDate "1998.08.22"]

1. Nf3 d5 2. g3 Nc6 3. d4 Bg4 4. Bg2 Qd7 5. h3 Bf5 6. Nh4 Be4 7. f3 Bg6 8. c3
O-O-O 9. Nxg6 hxg6 10. e4 e5 11. dxe5 Nxe5 12. exd5 Bc5 13. Qb3 Qe7 14. Kd2
Qg5+ 0-1

[Event "XVIII Festival Conca della Presolana Magistrale"]
[Site "Bratto - Castione della Presolana ITA"]
[Date "1998.08.??"]
[Round "?"]
[White "Boldini, David"]
[Black "Schiappacasse, Marcello"]
[Result "1/2-1/2"]
[WhiteElo "1959"]
[BlackElo "2095"]
[PlyCount "47"]
[EventDate "1998.08.22"]

1. Nf3 d5 2. g3 Nc6 3. d4 Bg4 4. Ne5 Nxe5 5. dxe5 c6 6. Bg2 e6 7. O-O Bc5 8.
Nc3 b5 9. Qd2 f6 10. e4 fxe5 11. exd5 exd5 12. Re1 Ne7 13. h3 Bd7 14. Rxe5 O-O
15. Nd1 Qc7 16. Qc3 Bd6 17. Re2 b4 18. Qd2 Bc5 19. a3 bxa3 20. b4 Bd6 21. Bxa3
Rab8 22. b5 Bxa3 23. Rxa3 Rxb5 24. Rxe7 1/2-1/2

[Event "XVIII Festival Conca della Presolana Magistrale"]
[Site "Bratto - Castione della Presolana ITA"]
[Date "1998.08.??"]
[Round "?"]
[White "Borgo, Giulio"]
[Black "Cebalo, Miso"]
[Result "1-0"]
[WhiteElo "2445"]
[BlackElo "2535"]
[PlyCount "79"]
[EventDate "1998.08.22"]

1. e4 c5 2. Nf3 d6 3. d4 cxd4 4. Nxd4 Nf6 5. f3 Nc6 6. c4 g6 7. Be3 Bg7 8. Qd2
O-O 9. Nc3 Nxd4 10. Bxd4 Be6 11. Rc1 Qa5 12. b3 a6 13. Be3 Rfc8 14. Be2 Nd7 15.
Nd5 Qxd2+ 16. Kxd2 Bxd5 17. exd5 a5 18. Rc2 b6 19. Re1 h5 20. Bf1 Rc7 21. g3
Nc5 22. h3 f5 23. g4 hxg4 24. hxg4 fxg4 25. fxg4 Be5 26. Bd3 Rcc8 27. Rh1 Nxd3
28. Kxd3 a4 29. b4 Rab8 30. b5 Bg7 31. Re2 Rf8 32. Rf2 Rxf2 33. Bxf2 Kf7 34.
Rb1 a3 35. Rb4 Bb2 36. Ra4 Kf6 37. Ra6 Rh8 38. Bxb6 Ke5 39. Ra7 Rh3+ 40. Ke2
1-0

[Event "XVIII Festival Conca della Presolana Magistrale"]
[Site "Bratto - Castione della Presolana ITA"]
[Date "1998.08.??"]
[Round "?"]
[White "Borgo, Giulio"]
[Black "Gorelli Fagiolini, Marco"]
[Result "1-0"]
[WhiteElo "2445"]
[BlackElo "2235"]
[PlyCount "47"]
[EventDate "1998.08.22"]

1. e4 d6 2. d4 Nf6 3. Nc3 g6 4. Be3 Bg7 5. f3 c6 6. Qd2 O-O 7. O-O-O b5 8. Kb1
b4 9. Nce2 Qa5 10. Nc1 Be6 11. Bh6 Nbd7 12. h4 Nb6 13. h5 Na4 14. Nb3 Qb6 15.
Ne2 a5 16. hxg6 fxg6 17. Bxg7 Kxg7 18. Qh6+ Kf7 19. Nf4 Qc7 20. e5 dxe5 21.
Nxe6 Kxe6 22. Bc4+ Nd5 23. Qxh7 Kf6 24. Nd2 1-0

[Event "XVIII Festival Conca della Presolana Magistrale"]
[Site "Bratto - Castione della Presolana ITA"]
[Date "1998.08.??"]
[Round "?"]
[White "Borgo, Giulio"]
[Black "Grosar, Aljosa"]
[Result "1/2-1/2"]
[WhiteElo "2445"]
[BlackElo "2450"]
[PlyCount "23"]
[EventDate "1998.08.22"]

1. e4 c5 2. Nf3 d6 3. d4 cxd4 4. Nxd4 Nf6 5. f3 e5 6. Nb3 d5 7. Bg5 Be6 8. Bxf6
gxf6 9. exd5 Qxd5 10. Qxd5 Bxd5 11. Nc3 Be6 12. O-O-O 1/2-1/2

[Event "XVIII Festival Conca della Presolana Magistrale"]
[Site "Bratto - Castione della Presolana ITA"]
[Date "1998.08.??"]
[Round "?"]
[White "Bosio, Devis"]
[Black "Marchini, Massimo"]
[Result "0-1"]
[WhiteElo "1975"]
[BlackElo "2195"]
[PlyCount "136"]
[EventDate "1998.08.22"]

1. e4 c5 2. c3 d6 3. d4 Nf6 4. dxc5 Nc6 5. cxd6 Nxe4 6. Qc2 Nxd6 7. Nf3 g6 8.
Be2 Bg7 9. O-O O-O 10. Nbd2 b6 11. Nb3 e5 12. Rd1 Qc7 13. a4 Bb7 14. Be3 Nf5
15. Nbd2 Nxe3 16. fxe3 Nb4 17. Qb3 Nd5 18. Nf1 Rfd8 19. c4 Ne7 20. Kh1 a5 21.
Rxd8+ Rxd8 22. Rd1 Nc6 23. Rxd8+ Nxd8 24. Qb5 Bc6 25. Qb3 Ne6 26. Qd1 Nc5 27.
b3 h6 28. Kg1 f5 29. N3d2 Qd6 30. Nb1 Qxd1 31. Bxd1 Kf7 32. Nfd2 Ke6 33. g3 Nd3
34. Kf1 Bf8 35. Bc2 Nb4 36. Bd1 Bc5 37. Ke2 Na2 38. Nf1 g5 39. Bc2 g4 40. Nbd2
Nb4 41. Bb1 Bd6 42. Kf2 Bd7 43. Ke2 Nc6 44. Bc2 h5 45. Nb1 Nb4 46. Bd1 Na2 47.
Bc2 Be7 48. Bd1 Kf6 49. Bc2 Kg5 50. Nfd2 h4 51. Nf1 h3 52. Nfd2 Bc6 53. Kf2 Bc5
54. Nf1 f4 55. Nbd2 Nc3 56. Nb1 Ne4+ 57. Ke2 fxg3 58. hxg3 h2 59. Nxh2 Nxg3+
60. Kf2 Ne4+ 61. Bxe4 Bxe4 62. Nd2 Bc6 63. Nhf1 Kh4 64. Nb1 Bb4 65. Ng3 Kh3 66.
Nf1 Bb7 67. Ng3 Be7 68. Ne2 g3+ 0-1

[Event "XVIII Festival Conca della Presolana Magistrale"]
[Site "Bratto - Castione della Presolana ITA"]
[Date "1998.08.??"]
[Round "?"]
[White "Bosio, Devis"]
[Black "Molina, Fabrizio"]
[Result "0-1"]
[WhiteElo "1975"]
[BlackElo "2290"]
[PlyCount "88"]
[EventDate "1998.08.22"]

1. e4 e6 2. d4 d5 3. Nd2 c5 4. exd5 exd5 5. Ngf3 c4 6. Be2 Nc6 7. O-O Bd6 8. b3
cxb3 9. axb3 Bf5 10. c4 Nb4 11. c5 Bc7 12. Ba3 Nc6 13. b4 a6 14. b5 axb5 15.
Bxb5 Nge7 16. Ne5 O-O 17. Nxc6 bxc6 18. Be2 Ng6 19. g3 Ba5 20. Nb3 Bc3 21. Rc1
Bh3 22. Rxc3 Bxf1 23. Bxf1 Rxa3 24. Qc1 Qa8 25. Nd2 Ra1 26. Qc2 Qa4 27. Qxa4
Rxa4 28. Nf3 Rfa8 29. Bh3 Ra3 30. Re3 Rxe3 31. fxe3 Kf8 32. Kf2 Ra2+ 33. Ke1
Ke7 34. Nd2 Nf8 35. Bg4 g6 36. Bf3 Ne6 37. h3 Kf6 38. g4 h6 39. Be2 Ra3 40. Nf1
Ke7 41. h4 Ng5 42. Kf2 Ne4+ 43. Kg2 Ra2 44. Kf3 Kf6 0-1